书目信息 |
| 题名: |
你可以更抢手
|
|
| 作者: | 华章 编著 | |
| 分册: | ||
| 出版信息: | 北京 中国电影出版社 2005.01 |
|
| 页数: | 186页 | |
| 开本: | 20cm | |
| 丛书名: | ||
| 单 册: | ||
| 中图分类: | C912.1 | |
| 科图分类: | ||
| 主题词: | 人际关系学--ren ji guan xi xue | |
| 电子资源: | ||
| ISBN: | 7-106-02226-8 | |
| 000 | 00885nam0 2200241 450 | |
| 001 | 012006563847 | |
| 005 | 20060927105556.03 | |
| 010 | @a7-106-02226-8@dCNY19.80 | |
| 100 | @a20060623d2005 km y0chiy0120 ea | |
| 101 | 0 | @achi |
| 102 | @aCN@b110000 | |
| 105 | @ay z 000yy | |
| 200 | 1 | @a你可以更抢手@Ani ke yi geng qiang shou@d= To be in the aslendant@zeng |
| 210 | @a北京@c中国电影出版社@d2005.01 | |
| 215 | @a186页@d20cm | |
| 314 | @a责任者取自在版权页 | |
| 330 | @a本书内容主要讲述卡内基说:如今在职场上成就一番事业,就必须战胜永无止境的挑战。本书总结了从竞争中淬练出的执业智慧,肃然残酷却很现实,这些必要的常识,这些不可不知的丛林法则,主导着一个人在职场的沉浮升降。 | |
| 510 | 1 | @aTo be in the aslendant@zeng |
| 606 | 0 | @a人际关系学@Aren ji guan xi xue |
| 690 | @aC912.1@v4 | |
| 701 | 0 | @a华章@Ahua zhang@4编著 |
| 801 | 0 | @aCN@c20060927 |
| 905 | @a10447@dC912.1@eH766 | |
| 你可以更抢手= To be in the aslendant.-北京:中国电影出版社,2005.01 |
| 186页;20cm |
| ISBN 7-106-02226-8:CNY19.80 |
| 本书内容主要讲述卡内基说:如今在职场上成就一番事业,就必须战胜永无止境的挑战。本书总结了从竞争中淬练出的执业智慧,肃然残酷却很现实,这些必要的常识,这些不可不知的丛林法则,主导着一个人在职场的沉浮升降。 |
| ● |
| 相关链接 |
|
|
|
正题名:你可以更抢手
索取号:C912.1/H766
 
预约/预借
| 序号 | 登录号 | 条形码 | 馆藏地/架位号 | 状态 | 备注 |
| 1 | 590934 | 205909347 | 社科库509/509社科库 56排8列4层/ [索取号:C912.1/H766] | 在馆 | |
| 2 | 590935 | 205909356 | 社科库509/509社科库 56排8列4层/ [索取号:C912.1/H766] | 在馆 | |
| 3 | 590936 | 205909365 | 社科库509/509社科库 56排8列4层/ [索取号:C912.1/H766] | 在馆 |